Statistics for Ranking Formula 1 2015

Click here to take the quiz!

General Stats

  • This quiz has been taken 73 times
  • The average score is 17 of 21

Answer Stats

RankDriverTeamPointsCountry% Correct
4Kimi RaikkonenFerrari150Finland
100%
1Lewis HamiltonMercedes381UK
100%
2Nico RosbergMercedes322Germany
100%
3Sebastian VettelFerrari278Germany
100%
8Daniel RicciardoRed Bull92Australia
98%
6Felipe MassaWilliams121Brazil
98%
17Fernando AlonsoMcLaren11Spain
98%
5Valtteri BottasWilliams136Finland
98%
9Sergio PerezForce India78Mexico
96%
12Max VerstappenToro Rosso49Netherlands
95%
11Romain GrosjeanLotus51France
93%
15Carlos Sainz JrToro Rosso18Spain
91%
14Pastor MaldonadoLotus27Venezuela
91%
10Nico HulkenbergForce India58Germany
89%
16Jenson ButtonMcLaren16UK
88%
18Marcus EricssonSauber9Sweden
84%
13Felipe NasrSauber27Brazil
59%
7Daniil KvjatRed Bull95Russia
45%
20Alexander RossiMarussia0USA
41%
19Roberto MerhiMarussia0Spain
39%
21William StevensMarussia0UK
34%

Score Distribution

Percentile by Number Answered

Percent of People with Each Score

Your Score History

You have not taken this quiz